Príspevok na bývanie - nová štátna sociálna dávka

Príspevok na bývanie by mal byť nástrojom na riešenie sociálnych problémov v oblasti bývania. Zatiaľ existuje vo forme návrhu zákona a jeho účinnosť sa predpokladá od polovice r. 1997. Problematika stanovenia určitého štandardu bývania a jeho finančné vyjadrenie, problematika priznávania nárokov na...

Descrizione completa

Salvato in:
Dettagli Bibliografici
Autore principale: Riháková, M.
Natura: Capitolo di libro
Lingua:slovacco
Soggetti:
Tags: Aggiungi Tag
Nessun Tag, puoi essere il primo ad aggiungerne!!

MARC

LEADER 00000naa a2200000 4500
001 r022239
005 20230921075828.0
041 0 |a slo 
044 |a SK 
245 1 0 |a Príspevok na bývanie - nová štátna sociálna dávka  |c M. Riháková 
520 |a Príspevok na bývanie by mal byť nástrojom na riešenie sociálnych problémov v oblasti bývania. Zatiaľ existuje vo forme návrhu zákona a jeho účinnosť sa predpokladá od polovice r. 1997. Problematika stanovenia určitého štandardu bývania a jeho finančné vyjadrenie, problematika priznávania nárokov na príspevok na bývanie, spôsob výpočtu príspevku. Navrhovaný vzorec príspevku na bývanie. Príspevok na bývanie ako súčasť sociálnej záchytnej siete. 
610 2 0 |a bývanie 
610 2 0 |a príspevky sociálne 
610 2 0 |a dávky sociálne 
610 2 0 |a politika sociálna 
610 2 0 |a Slovensko 
100 1 |a Riháková, M.